| 000 | 01594ngm a2200397 4500 | ||
|---|---|---|---|
| 003 | dpl | ||
| 005 | 20081125122625.0 | ||
| 007 | DVD | ||
| 008 | ||||||sp199 xxu|||||c ||| 00| 0 ng d | ||
| 010 | _aDVD-001352-1354 | ||
| 024 | _c69.00 | ||
| 035 | _aDVD-001352-1354 | ||
| 040 |
_aDPL _cDPL |
||
| 082 | _aDVD / KABH | ||
| 245 |
_aKabhi Khushi Kabhie Gham... _cDharma Production Presents _h[videorecording] DVD/ |
||
| 260 | _bSony BMG Home Entertainment | ||
| 300 |
_a1 videodisc DVD; (210 min.) ; _bsd., col. ; _c4 3/4 in. _fDVD |
||
| 440 | _aSony BMGj Home Entertainment | ||
| 538 | _aDolby Digital 5.1 - Hindi Subtitles: English | ||
| 650 | _aMotion Picture | ||
| 700 | _aJohar, Karan | ||
| 700 | _aJohar, Yash | ||
| 700 | _aMaehta, Anil | ||
| 700 | _aShankar-Ehsaan-Loy | ||
| 700 | _aBachchan, Amitabh | ||
| 700 | _aBachchan, Jaya | ||
| 700 | _aKhan, Shah Rukh | ||
| 700 | _aKajol | ||
| 700 | _aKapoor, Karina | ||
| 700 | _aRoshan, Hrithik | ||
| 942 |
_cCF _2ddc _hDVD _mKABH |
||
| 999 |
_c19088 _d19088 |
||